Statystyki dla Najmniejsze państwa w Europie

Kliknij tutaj aby rozwiązać quiz!

Ogólne statystyki

  • Ten quiz został rozwiązany 183 razy
  • Średni wynik to 7 z 10

Statystyki odpowiedzi

Miejsce w EuropiePaństwo% Poprawnych
1Watykan
100%
2Monako
82%
3San marino
82%
4Liechtenstein
80%
5Malta
70%
6Andora
69%
7Luksemburg
62%
8Kosowo
55%
9Czarnogóra
48%
10Słowenia
37%

Rozkład punktacji

Percentyl według liczby udzielonych odpowiedzi

Procent ludzi z każdym wynikiem

Twoja historia wyników

Nie rozwiązałeś tego quizu